| 000 | 00574nam a2200193Ia 4500 | ||
|---|---|---|---|
| 003 | IN-BaIIA | ||
| 008 | 211028s9999 xx 000 0 eng d | ||
| 020 | _a0-07-451831-3 | ||
| 040 | _cIIA Library | ||
| 080 |
_a621.785 _bPRA |
||
| 100 |
_aPrabhudev, K. H. _916070 |
||
| 245 | 0 |
_aHandbook of heat treatment of steels _cK. H. Prabhudev |
|
| 260 |
_aNew Delhi _bTata McGraw-Hill _c1988 |
||
| 300 | _aviii, 762p. | ||
| 650 |
_aHandbooks-Steels _916071 |
||
| 650 |
_aHeat treatment _916072 |
||
| 650 | _aNASA Thesaurus | ||
| 942 | _cBK | ||
| 999 |
_c9536 _d9536 |
||